000 03077cam a22006137i 4500
999 _c331039
_d331039
001 17727766
003 NUST
005 20180117090030.0
008 130507s2014 enka b 001 0 eng d
010 _a 2013939790
015 _aGBB2C7611
_2dnb
015 _aGBB2C7611
_2bnb
016 7 _a016233562
_2Uk
020 _a9780857029133 (hbk)
020 _a0857029134 (hbk)
020 _a9780857029140 (pbk)
020 _a0857029142 (pbk)
035 _a(OCoLC)ocn878133162
040 _aDLM
_beng
_cDLM
_dDEBBG
_dRCJ
_dUKMGB
_dOCLCO
_dYDXCP
_dEUX
_dCDX
_dOCLCF
_dIXA
_dLHU
_dIAD
_dNLGGC
_dUSU
_dOCLCQ
_dDLC
042 _alccopycat
050 0 0 _aH61.24
_b.C45 2014
082 0 4 _a300.72
_223
084 _aLB 33000
_2rvk
084 _aMR 2200
_2rvk
084 _aMR 2600
_2rvk
084 _aQH 244
_2rvk
100 1 _aCharmaz, Kathy,
_d1939-
_94447
245 1 0 _aConstructing grounded theory /
_cKathy Charmaz.
250 _a2nd edition
264 1 _aLondon ;
_aThousand Oaks, Calif. :
_bSage,
_c[2014]
300 _axxi, 388 pages :
_billustrations ;
_c24 cm.
336 _atext
_btxt
_2rdacontent
337 _aunmediated
_bn
_2rdamedia
338 _avolume
_bnc
_2rdacarrier
490 1 _aIntroducing qualitative methods
504 _aIncludes bibliographical references (pages 346-378) and index.
505 0 0 _tAn invitation to grounded theory --
_tGathering rich data --
_tCrafting and conducting intensive interviews --
_tInterviewing in grounded theory studies --
_tThe logic of grounded theory coding practices and initial coding --
_tFocused coding and beyond --
_tMemo-writing --
_tTheoretical sampling, saturation, and sorting --
_tReconstructing theorizing in grounded theory studies --
_tSymbolic interactionism and grounded theory --
_tWriting the draft --
_tReflecting on the research process.
520 _a"Kathy Charmaz presents the definitive guide to doing grounded theory from a constructivist perspective. This second edition of her groundbreaking text retains the accessibility and warmth of the first edition whilst introducing cutting edge examples and practical tips."--Page 4 of cover.
650 0 _aGrounded theory.
_94448
650 1 2 _aGrounded Theory.
_94449
650 7 _aGrounded theory.
_2fast
_0(OCoLC)fst00948199
_94448
650 0 7 _aGrounded theory.
_2gnd
_0(DE-588)4395694-4
_94448
650 0 7 _aQualitative Inhaltsanalyse.
_2gnd
_0(DE-588)4248861-8
_94450
650 1 7 _aKwalitatieve methoden.
_2gtt
_0(NL-LeOCL)078568048
_94451
650 1 7 _aSociale wetenschappen.
_2gtt
_0(NL-LeOCL)078668840
_94452
650 1 7 _aTheorievorming.
_2gtt
_0(NL-LeOCL)078688647
_94453
655 7 _aGidsen (vorm)
_2gtt
_0(NL-LeOCL)088143201
_94454
830 0 _aIntroducing qualitative methods.
_94455
906 _a7
_bcbc
_ccopycat
_d2
_encip
_f20
_gy-gencatlg
942 _2ddc
_cBK